000 00661nam a22001937a 4500
005 20150622150213.0
010 _aENG-113099
020 _a9789382420033
_c750.00
035 _aEN-96631
037 _bDBAD/PUB
082 _a266.023411054147
100 _aChakraborty, Soumita
245 _aRev Alexander Duff and the Scottish Mission in Calcutta (1806-1878) /
_cby Soumita Chakraborty
260 _bKunal books
_c2013
_aNew Delhi
270 _b New Delhi
_e110002
_a4596/1A, First Floor, 11, Daryaganj,
300 _ax,216p.
_c23cm(Hb)
500 _aIncludes bibliographical references and index
942 _2ddc
_cEN
_mCHA
_h266.023411054147
999 _c93655
_d93655